000 00873nam0a22002651 4500
001 v19\rc\1423728
005 20250618112423.0
035 _a(NLR Aleph) 004549801
090 _a2125465
_c2125465
100 _a20060512d1884 |||y0rusy50 ca
101 0 _arus
102 _aRU
105 _ay z |||||
200 1 _aНа лоне природы
_eКом. шут. в 3 д.
_f[Соч.] Н. Хлопова
210 _aМосква
_cЛит. Театр. б-ка Е.Н. Рассохиной
_dценз. 1884
215 _a[2], 80 с.
_d20
309 _aНаписано от руки. Литогр.
700 1 _aХлопов
_bН.А.
_f1852-1909
_gНиколай Афанасьевич
801 0 _aRU
_bNLR
_gpsbo
801 0 _aRU
_bRuMoRGB
_2psbo
801 1 _aRU
_bProSoft-M
_2rusmarc
852 _aNLR
_j18.206.4.529
899 _aRuMoRGB
_jT 20/248
942 _cBOOK
980 _aNB